Herby Polskich Klubów - Statystyki

Ogólne statystyki
  • Ten quiz został rozwiązany 716 razy
  • Średni wynik to 40 z 56
Statystyki odpowiedzi
Obrazkowy Odpowiedź % Poprawnych
Legia Warszawa
100%
Lech Poznań
99%
Górnik Zabrze
97%
Korona Kielce
96%
Arka Gdynia
95%
Jagiellonia Białystok
95%
Raków Częstochowa
95%
Wisła Kraków
95%
Pogoń Szczecin
92%
Warta Poznań
90%
Stal Mielec
89%
Puszcza Niepołomice
88%
Śląsk Wrocław
88%
Lechia Gdańsk
87%
ŁKS
87%
Widzew Łódź
87%
Motor Lublin
86%
Ruch Chorzów
86%
Cracovia
83%
Miedź Legnica
83%
Radomiak Radom
81%
Piast Gliwice
80%
Zagłębie Lubin
80%
Kotwica Kołobrzeg
79%
Wisła Płock
77%
Górnik Łęczna
76%
Polonia Warszawa
76%
GKS Katowice
75%
Znicz Pruszków
75%
KKS Kalisz
74%
Polonia Bytom
74%
Zawisza Bydgoszcz
74%
GKS Tychy
71%
Odra Opole
67%
Termalica Nieciecza
67%
Resovia Rzeszów
66%
Zagłębie Sosnowiec
66%
Wieczysta Kraków
65%
Pogoń Siedlce
61%
Stal Rzeszów
61%
Podbeskidzie Bielsko-Biała
60%
Elana Toruń
58%
Sandecja Nowy Sącz
58%
Chrobry Głogów
57%
Chojniczanka Chojnice
56%
Stomil Olsztyn
55%
Olimpia Grudziądz
54%
GKS Bełchatów
51%
Olimpia Elbląg
49%
Skra Częstochowa
45%
GKS Jastrzębie
43%
Hutnik Kraków
43%
Stal Stalowa Wola
43%
Wisła Puławy
38%
Wisłoka Dębica
33%
Radunia Stężyca
32%
Nie znaleziono quizów pasujących do podanych kryteriów
Rozkład punktacji
Procent ludzi z każdym wynikiem
Percentyl według liczby udzielonych odpowiedzi
Twoja historia wyników
Nie rozwiązałeś tego quizu